Jazz. Gli uomini, gli strumenti, gli stili 51 (Record n. 100511)

Dettagli MARC
000 -LEADER
fixed length control field 03605njm a2200541Ia 4500
001 - CONTROL NUMBER
control field 40457
003 - CONTROL NUMBER IDENTIFIER
control field IT-RoPAU
005 - DATE AND TIME OF LATEST TRANSACTION
control field 20220918181130.0
008 - FIXED-LENGTH DATA ELEMENTS--GENERAL INFORMATION
fixed length control field 131025s9999 xx 000 0 und d
040 ## - CATALOGING SOURCE
Original cataloging agency IT-RoPAU
040 ## - CATALOGING SOURCE
Transcribing agency IT-RoPAU
999 ## - SYSTEM CONTROL NUMBERS (KOHA)
Koha Dewey Subclass [OBSOLETE] n.d.
100 ## - MAIN ENTRY--PERSONAL NAME
Personal name AA.VV.
9 (RLIN) 794
100 ## - MAIN ENTRY--PERSONAL NAME
Relator term Autore musica
9 (RLIN) 21538
100 ## - MAIN ENTRY--PERSONAL NAME
Miscellaneous information Codice autore musica SPICS: 12000
9 (RLIN) 796
245 ## - TITLE STATEMENT
Title Jazz. Gli uomini, gli strumenti, gli stili 51
250 ## - EDITION STATEMENT
Edition statement 2a ed.
260 ## - PUBLICATION, DISTRIBUTION, ETC. (IMPRINT)
Place of publication, distribution, etc. MILANO
260 ## - PUBLICATION, DISTRIBUTION, ETC. (IMPRINT)
Name of publisher, distributor, etc. FRATELLI FABBRI EDITORI
Date of publication, distribution, etc. 1986 [1a Ed.:1986]
300 ## - PHYSICAL DESCRIPTION
Extent MUSICASSETTA
300 ## - PHYSICAL DESCRIPTION
Dimensions 48 minuti (Testo: pag.)
500 ## - GENERAL NOTE
General note Muica jazz
505 ## - FORMATTED CONTENTS NOTE
Formatted contents note Stan's Mood [(New York, 2.4.1949) (3:00)] - Fast [(New York, 2.4.1949) (3:00)] - Indian Summer [(New York, 21.6.1949) (3:00)] - Long Island Soud [(New York, 21.6.1949) (3:00)] - There's A Small Hotel [(New York, 6.1.1950) (3:00)] - My Old Flame [(New York, 14.4.1950) (3:00)] - Strike Up the Band [(New York, 10.12.1950) (3:00)] - Tootsie Roll [(New York, 10.12.1950) (3:00)] - S'Cool Boy [(Stoccolma, 23.3.1951) (3:00)] - Night and Day [(Stoccolma, 23.3.1951) (3:00)] - Flamingo [(Stoccolma, 24.3.1951) (4:00)] - I'll Remember April (Los Angeles, 8.11.1954) (8:00)]
511 ## - PARTICIPANT OR PERFORMER NOTE
Participant or performer note Swoope Earl: tr; Getz Stan: ten; Cohn Al: ten; Sims Zoot: ten; Jordan Duke: p; Raney Jimmy: chit; Oliver Merter: cb; Perry Charlie: batt; Stan Gets Boppers
511 ## - PARTICIPANT OR PERFORMER NOTE
Participant or performer note Getz Stan: ten; Haig Al: p; Raney Gene: cb; Levey Stan: batt; Stan Gets Quartet
511 ## - PARTICIPANT OR PERFORMER NOTE
Participant or performer note Getz Stan: ten; Haig Al: p; Potter Tommy: cb; Haynes Roy: batt; Stan Gets Quartet
511 ## - PARTICIPANT OR PERFORMER NOTE
Participant or performer note Getz Stan: ten; Aless Tony: p; Heath Percy: cb; Lamond Don: batt; Stan Gets Quartet
511 ## - PARTICIPANT OR PERFORMER NOTE
Participant or performer note Getz Stan: ten; Silver Horace: p; Calloway Joe: cb; Bolden Walter: batt; Stan Gets Quartet
511 ## - PARTICIPANT OR PERFORMER NOTE
Participant or performer note Getz Stan: ten; Hallberg Bengt: p; Johnson Gunnar: cb; Noren Jack: batt; Stan Jazz and His Swedish
511 ## - PARTICIPANT OR PERFORMER NOTE
Participant or performer note Brookmeyer Bob: tbne; Getz Stan: ten; Williams Johnny: p; Anthony Bill: cb; Mardigan Art: batt; Stan Getz Quintet
650 ## - SUBJECT ADDED ENTRY--TOPICAL TERM
Topical term or geographic name as entry element JAZZ [CASSETTE]
Relator term Codice MATERIA SPICS: 9951
9 (RLIN) 1831
700 ## - ADDED ENTRY--PERSONAL NAME
Personal name Getz Stan
Dates associated with a name Codice interprete SPICS: 10710
Relator term Interprete
9 (RLIN) 21539
700 ## - ADDED ENTRY--PERSONAL NAME
Personal name Getz Stan
Dates associated with a name Codice autore musica SPICS: 10710
Relator term Autore musica
Name of part/section of a work Stan's Mood - Fast - Long Island Soud - S'Cool Boy
9 (RLIN) 21540
700 ## - ADDED ENTRY--PERSONAL NAME
Personal name Herbert Victor
Dates associated with a name Codice autore musica SPICS: 13880
Relator term Autore musica
Name of part/section of a work Indian Summer
9 (RLIN) 21541
700 ## - ADDED ENTRY--PERSONAL NAME
Personal name Dubin A.
Dates associated with a name Codice autore SPICS: 15703
Relator term Autore
Name of part/section of a work Indian Summer
9 (RLIN) 21542
700 ## - ADDED ENTRY--PERSONAL NAME
Personal name Rodgers Richard
Dates associated with a name Codice autore musica SPICS: 11120
Relator term Autore musica
Name of part/section of a work There's A Small Hotel
9 (RLIN) 21543
700 ## - ADDED ENTRY--PERSONAL NAME
Personal name Hart Lorenz
Dates associated with a name Codice autore SPICS: 10738
Relator term Autore
Name of part/section of a work There's A Small Hotel
9 (RLIN) 21544
700 ## - ADDED ENTRY--PERSONAL NAME
Personal name Johnson
Dates associated with a name Codice autore musica SPICS: 20146
Relator term Autore musica
Name of part/section of a work My Old Flame - I'll Remember April
9 (RLIN) 21545
700 ## - ADDED ENTRY--PERSONAL NAME
Personal name Coslow Sam
Dates associated with a name Codice autore SPICS: 10785
Relator term Autore
Name of part/section of a work My Old Flame
9 (RLIN) 21546
700 ## - ADDED ENTRY--PERSONAL NAME
Personal name Gershwin George
Dates associated with a name Codice autore musica SPICS: 10668
Relator term Autore musica
Name of part/section of a work Strike Up the Band
9 (RLIN) 21547
700 ## - ADDED ENTRY--PERSONAL NAME
Personal name Treadwell G.
Dates associated with a name Codice autore musica SPICS: 18052
Relator term Autore musica
Name of part/section of a work Tootsie Roll
9 (RLIN) 21548
700 ## - ADDED ENTRY--PERSONAL NAME
Personal name Porter Cole
Dates associated with a name Codice autore musica SPICS: 13034
Relator term Autore musica
Name of part/section of a work Night and Day
9 (RLIN) 21549
700 ## - ADDED ENTRY--PERSONAL NAME
Personal name Anderson Jon
Dates associated with a name Codice autore musica SPICS: 10788
Relator term Autore musica
Name of part/section of a work Flamingo
9 (RLIN) 21550
700 ## - ADDED ENTRY--PERSONAL NAME
Personal name Grouya
Dates associated with a name Codice autore SPICS: 15674
Relator term Autore
Name of part/section of a work Flamingo
9 (RLIN) 21551
700 ## - ADDED ENTRY--PERSONAL NAME
Personal name Raye Don
Dates associated with a name Codice autore musica SPICS: 20467
Relator term Autore musica
Name of part/section of a work I'll Remember April
9 (RLIN) 21552
700 ## - ADDED ENTRY--PERSONAL NAME
Personal name De Paul G.
Dates associated with a name Codice autore SPICS: 20243
Relator term Autore
Name of part/section of a work I'll Remember April
9 (RLIN) 21553
942 ## - ADDED ENTRY ELEMENTS (KOHA)
Koha item type MUSICASSETTE
Source of classification or shelving scheme Dewey Decimal Classification
Dati di copia
Withdrawn status Lost status Damaged status Not for loan Home library Current library Date acquired Total Checkouts Full call number Date last seen Price effective from Koha item type Public note
    Buone Condizioni Not For Loan SPICS-MEDIATECA SPICS-MEDIATECA 25/10/2013   40457 25/10/2013 25/10/2013 MUSICASSETTE Progr. Ins.: 14254 / N.Vol.: 1 / Copie: 1 - Copia rara: n.d. / date import: 01.01.2014 - By Epidotti, Trombetti, Vaglietti
CREDITS: SOCIETA' SAN PAOLO Via A.Severo, 58 - ROMA (RM) & PERIODICI SAN PAOLO SRL Via Giotto, 36 MILANO & CISF Via Giotto, 36 MILANO & EDIZIONI SAN PAOLO SRL,  Piazza Soncino, 5 CINISELLO BALSAMO (MI) -- ITALY